[Event "XXIII Festival A"]
[Site "Porto San Giorgio ITA"]
[Date "2011.08.24"]
[Round "5"]
[White "Di Misa, Salvatore"]
[Black "Foglia, Maurizio"]
[Result "0-1"]
[WhiteElo "1957"]
[BlackElo "2213"]
[PlyCount "67"]
[EventDate "2011.08.21"]

1. e4 c6 2. d4 d5 3. Nc3 dxe4 4. Nxe4 Bf5 5. Ng3 Bg6 6. Nh3 e6 7. Nf4 Bd6 8.
Nxg6 hxg6 9. Ne4 Be7 10. c3 Qd5 11. Qc2 Nd7 12. Bd2 Ngf6 13. Ng3 Bd6 14. Ne2
Rh4 15. c4 Qh5 16. h3 Ne4 17. g3 Qf3 18. Rh2 Nxd2 19. Qxd2 Qf5 20. O-O-O O-O-O
21. f4 Rhh8 22. g4 Qf6 23. Rf2 Qh4 24. Rf3 Qe7 25. Qa5 Kb8 26. Bg2 Bb4 27. Qa4
Nb6 28. Qc2 Nc8 29. Rb3 Ka8 30. c5 Ba5 31. Ra3 Bc7 32. Qa4 Bb8 33. Rad3 Qc7 34.
Rb3 {...} 0-1

[Event "XXIII Festival A"]
[Site "Porto San Giorgio ITA"]
[Date "2011.08.24"]
[Round "5"]
[White "Dieli, Riccardo"]
[Black "Balzano, Filli"]
[Result "1-0"]
[WhiteElo "1897"]
[BlackElo "1822"]
[PlyCount "69"]
[EventDate "2011.08.21"]

1. Nf3 d5 2. c4 c6 3. d4 Nf6 4. Nc3 dxc4 5. e3 b5 6. a4 Nd5 7. Nxd5 Qxd5 8. Bd2
e6 9. g3 Bb7 10. Bg2 a6 11. O-O Qh5 12. b3 cxb3 13. Ne5 Qxd1 14. Rfxd1 b2 15.
Ra2 Bd6 16. Nd3 O-O 17. Rxb2 Ra7 18. Ra2 Nd7 19. Rc1 bxa4 20. Bxc6 Nf6 21. Rxa4
Ne4 22. Bb4 Bxc6 23. Rxc6 Bxb4 24. Nxb4 a5 25. Ra6 Rxa6 26. Nxa6 Rc8 27. Rxa5
Rc1+ 28. Kg2 Rc2 29. Nc5 Rxf2+ 30. Kg1 f5 31. Nxe4 Re2 32. Nd6 h6 33. Ra8+ Kh7
34. Nc4 Rc2 35. Rc8 1-0

[Event "XXIII Festival A"]
[Site "Porto San Giorgio ITA"]
[Date "2011.08.24"]
[Round "5"]
[White "Dietrich, Stefano"]
[Black "Marigo, Narciso"]
[Result "0-1"]
[WhiteElo "1857"]
[BlackElo "1989"]
[PlyCount "124"]
[EventDate "2011.08.21"]

1. Nf3 d6 2. c4 e5 3. Nc3 f5 4. d3 Ne7 5. g3 Ng6 6. Bg2 Nd7 7. b4 Nf6 8. Qb3 c6
9. b5 Bd7 10. a4 Be7 11. e3 O-O 12. O-O Kh8 13. Bb2 f4 14. exf4 exf4 15. Ne4
fxg3 16. fxg3 Nxe4 17. dxe4 Bf6 18. a5 Bxb2 19. Qxb2 Qe7 20. Rae1 Rae8 21. Rf2
Bg4 22. Qd4 c5 23. Qe3 Bxf3 24. Rxf3 Rxf3 25. Bxf3 Ne5 26. Be2 h6 27. Rf1 Qe6
28. Qc3 Qh3 29. Rf4 Qe6 30. Bh5 g6 31. Bg4 Qxc4 32. Qb2 Kg7 33. Kg2 Re7 34. b6
a6 35. Be2 Qb4 36. Qa1 Qd2 37. Rf2 Rf7 38. Bf3 Qd4 39. Qxd4 cxd4 40. Bd1 Rxf2+
41. Kxf2 Nc6 42. Bb3 Kf6 43. Bd5 Nxa5 44. h3 g5 45. Ke2 Ke7 46. Kd3 Kd7 47.
Kxd4 Nc6+ 48. Kc3 h5 49. h4 gxh4 50. gxh4 Nd8 51. Kd3 Ne6 52. Ke3 Nc5 53. Kf4
a5 54. Kg5 Ne6+ 55. Kf6 Nc5 56. Kg6 Ke7 57. Kxh5 Kf6 58. Kg4 Nd7 59. Bxb7 Nxb6
60. h5 a4 61. h6 a3 62. h7 Kg7 0-1

[Event "XXIII Festival A"]
[Site "Porto San Giorgio ITA"]
[Date "2011.08.24"]
[Round "5"]
[White "Fagnani, Alessandro"]
[Black "Sorbera, Giovanni"]
[Result "1-0"]
[WhiteElo "1955"]
[BlackElo "2197"]
[PlyCount "49"]
[EventDate "2011.08.21"]

1. e4 c5 2. Nf3 Nf6 3. Nc3 Nc6 4. d4 cxd4 5. Nxd4 d6 6. Bc4 e6 7. Be3 Be7 8.
Qe2 Bd7 9. Bb3 a6 10. O-O-O Qc7 11. g4 Nxd4 12. Bxd4 O-O 13. g5 Ne8 14. Rhg1 b5
15. Qh5 g6 16. Qh6 Bd8 17. Rg4 f6 18. Nd5 exd5 19. Bxd5+ Rf7 20. Rh4 Bc6 21.
Qxh7+ Kf8 22. Qh8+ Ke7 23. Bxf7 Kxf7 24. Rh7+ Ke6 25. Qg8+ 1-0

[Event "XXIII Festival A"]
[Site "Porto San Giorgio ITA"]
[Date "2011.08.24"]
[Round "5"]
[White "Franzini, Stefano"]
[Black "Zamengo, Bruno"]
[Result "0-1"]
[WhiteElo "1848"]
[BlackElo "1936"]
[PlyCount "54"]
[EventDate "2011.08.21"]

1. d4 Nf6 2. Nf3 c5 3. c3 b6 4. Bf4 Bb7 5. e3 g6 6. Nbd2 Bg7 7. h3 Nc6 8. Bd3
O-O 9. O-O Re8 10. a4 d6 11. Bh2 e5 12. dxe5 Nxe5 13. Nxe5 dxe5 14. Nc4 Qd5 15.
f3 Rad8 16. Be2 Qe6 17. Qc2 e4 18. f4 Ba6 19. b3 Nd5 20. Rf2 Nxc3 21. f5 gxf5
22. Raf1 Nxe2+ 23. Qxe2 Rd5 24. g4 fxg4 25. Qxg4 Qxg4+ 26. hxg4 Bxc4 27. bxc4
Rd7 0-1

[Event "XXIII Festival A"]
[Site "Porto San Giorgio ITA"]
[Date "2011.08.24"]
[Round "5"]
[White "Gensabella, Paolo"]
[Black "Di Pietro, Gabriele"]
[Result "1-0"]
[WhiteElo "1906"]
[BlackElo "1840"]
[PlyCount "104"]
[EventDate "2011.08.21"]

1. d4 d5 2. c4 c6 3. Nc3 e5 4. cxd5 cxd5 5. g3 e4 6. Bg2 Nf6 7. Nh3 Bb4 8. Qa4+
Nc6 9. O-O O-O 10. Bg5 Bxc3 11. bxc3 h6 12. Bxf6 Qxf6 13. Nf4 Qd6 14. Qb5 Rd8
15. Rab1 Rb8 16. e3 g5 17. Ne2 Bg4 18. Rfe1 Qa3 19. c4 Bxe2 20. Rxe2 a6 21. Qb3
Qxb3 22. axb3 f5 23. Bh3 g4 24. Bf1 Ne7 25. Ra2 Kg7 26. Ra5 Rbc8 27. Rc1 Kf6
28. c5 Nc6 29. Ra4 Ra8 30. Rca1 Ra7 31. b4 Rda8 32. Be2 h5 33. Kf1 Ke6 34. b5
axb5 35. Bxb5 Rxa4 36. Rxa4 Rxa4 37. Bxa4 Kd7 38. h4 Kc7 39. Ke2 Kb8 40. Bb5
Ka7 41. Kd2 Kb8 42. Kc3 Ka7 43. Ba4 Kb8 44. Bb3 Ne7 45. Kb4 Kc8 46. Kb5 Kc7 47.
Ba2 Kc8 48. Kb6 Kb8 49. Bb3 Nc8+ 50. Ka5 Ne7 51. Ba4 Nc6+ 52. Bxc6 bxc6 1-0

[Event "XXIII Festival A"]
[Site "Porto San Giorgio ITA"]
[Date "2011.08.24"]
[Round "5"]
[White "Giancotti, Eraldo"]
[Black "Borino, Paolo"]
[Result "1-0"]
[WhiteElo "2070"]
[BlackElo "1917"]
[PlyCount "51"]
[EventDate "2011.08.21"]

1. g3 e5 2. c4 Nf6 3. Bg2 Nc6 4. a3 a5 5. Nc3 Bc5 6. e3 d6 7. Nge2 Bg4 8. h3
Bf5 9. d4 exd4 10. exd4 Ba7 11. Bg5 h6 12. Be3 Qd7 13. Nf4 Nd8 14. b4 axb4 15.
axb4 g5 16. Nfd5 Nxd5 17. Nxd5 Qc8 18. O-O c6 19. Qa4 b5 20. cxb5 cxd5 21. Bxd5
Bxh3 22. b6+ Bd7 23. Qxa7 Rb8 24. Rfc1 Nc6 25. Bxc6 Bxc6 26. Rxc6 1-0

[Event "XXIII Festival A"]
[Site "Porto San Giorgio ITA"]
[Date "2011.08.24"]
[Round "5"]
[White "Gilevych, Artem"]
[Black "Martinez, Rolly"]
[Result "1/2-1/2"]
[WhiteElo "2264"]
[BlackElo "2419"]
[PlyCount "93"]
[EventDate "2011.08.21"]

1. Nf3 Nf6 2. c4 e6 3. g3 b6 4. Bg2 Bb7 5. O-O Be7 6. b3 O-O 7. Bb2 c5 8. Nc3
d5 9. e3 dxc4 10. bxc4 Nc6 11. a3 Qd3 12. Qe2 Rad8 13. Rfd1 Qxe2 14. Nxe2 Rd7
15. d3 Rfd8 16. Nc1 Ne8 17. Re1 Bf6 18. Bxf6 gxf6 19. Re2 Nd6 20. Ne1 Na5 21.
Bxb7 Ndxb7 22. f4 Nc6 23. Raa2 Nba5 24. Rac2 f5 25. Rc3 f6 26. Rf2 h5 27. Nb3
Nxb3 28. Rxb3 Kh7 29. Kf1 Kh6 30. Ke2 Na5 31. Rc3 a6 32. Kf3 Rb8 33. Rb2 Kg6
34. Ke2 h4 35. gxh4 Kh5 36. Rc1 Rg7 37. Rcb1 Rgb7 38. Rc1 Kxh4 39. Kf3 Kh5 40.
Rg2 Kh6 41. Rb1 Rg7 42. Rgb2 Rgb7 43. Rg2 Rg7 44. Rgb2 Rgb7 45. Rg2 Rd7 46.
Rgb2 Rdb7 47. Rg2 1/2-1/2

[Event "XXIII Festival A"]
[Site "Porto San Giorgio ITA"]
[Date "2011.08.24"]
[Round "5"]
[White "Giobbi, Costantino"]
[Black "Maddaloni, Giovanni"]
[Result "1-0"]
[WhiteElo "1878"]
[BlackElo "1801"]
[PlyCount "51"]
[EventDate "2011.08.21"]

1. e4 c5 2. Nf3 d6 3. c4 g6 4. d4 cxd4 5. Nxd4 Bg7 6. Be3 Nf6 7. f3 O-O 8. Nc3
Nc6 9. Be2 a6 10. O-O Nd7 11. Rc1 Nc5 12. Qd2 Ne6 13. Nc2 Bd7 14. Rfd1 Be8 15.
Qe1 Qa5 16. Qh4 Qh5 17. Qg3 Bxc3 18. bxc3 f5 19. exf5 Rxf5 20. Rd5 Rf6 21. Bh6
Ng7 22. Ne3 Ne5 23. Bg5 Rf7 24. f4 Nc6 25. Ng4 Kh8 26. Nh6 1-0

[Event "XXIII Festival A"]
[Site "Porto San Giorgio ITA"]
[Date "2011.08.24"]
[Round "5"]
[White "Korneev, Oleg"]
[Black "Dvirnyy, Danyyil"]
[Result "1/2-1/2"]
[WhiteElo "2588"]
[BlackElo "2436"]
[PlyCount "81"]
[EventDate "2011.08.21"]

1. e4 e6 2. d4 d5 3. Nd2 Nf6 4. e5 Nfd7 5. c3 c5 6. Bd3 Nc6 7. Ne2 cxd4 8. cxd4
f6 9. exf6 Nxf6 10. O-O Bd6 11. Nf3 O-O 12. Bf4 Nh5 13. Bxd6 Qxd6 14. Ng3 Nf4
15. Bb5 Ne7 16. Re1 a6 17. Bf1 Bd7 18. Ne5 Rac8 19. Ne2 Nfg6 20. Nxd7 Qxd7 21.
Nc3 b5 22. g3 Nf5 23. a3 Nge7 24. Qd2 Nc6 25. Ne2 Qd8 26. Bh3 Qf6 27. Bxf5 exf5
28. Rad1 g5 29. Nc3 Rcd8 30. Na2 f4 31. Nb4 Nxb4 32. axb4 Rde8 33. Re5 Rxe5 34.
dxe5 Qxe5 35. Re1 Qf5 36. Qd4 h5 37. gxf4 Qg4+ 38. Kf1 Qh3+ 39. Kg1 Qg4+ 40.
Kf1 Qh3+ 41. Kg1 1/2-1/2

[Event "XXIII Festival A"]
[Site "Porto San Giorgio ITA"]
[Date "2011.08.24"]
[Round "5"]
[White "Lapenna, Antonio"]
[Black "Bonghi, Alessandro"]
[Result "1-0"]
[WhiteElo "2150"]
[BlackElo "1939"]
[PlyCount "85"]
[EventDate "2011.08.21"]

1. d4 d5 2. Nf3 e6 3. g3 Nf6 4. Bg2 Nbd7 5. O-O Bd6 6. c4 O-O 7. Nbd2 b6 8. e4
dxe4 9. Ng5 Rb8 10. Ngxe4 Bb7 11. Qc2 h6 12. Nxf6+ Nxf6 13. Nf3 Nd7 14. Be3 Qf6
15. Qe2 Rfd8 16. Rac1 c5 17. Rfd1 Rbc8 18. b3 Ba8 19. Rc2 Qe7 20. Rcd2 cxd4 21.
Bxd4 Bb4 22. Rd3 f6 23. Bb2 Nf8 24. Nd4 Bxg2 25. Kxg2 Qb7+ 26. Kg1 e5 27. Nc2
Be7 28. Rd5 Rxd5 29. Rxd5 Rd8 30. Ne3 Rxd5 31. Nxd5 Qd7 32. Kg2 Ne6 33. h4 Bc5
34. Qe4 Nc7 35. Bc1 Nxd5 36. cxd5 Bd4 37. g4 Kf7 38. Be3 Bxe3 39. fxe3 g6 40.
h5 gxh5 41. gxh5 Qb5 42. Qh7+ Ke8 43. Qg8+ 1-0

[Event "XXIII Festival A"]
[Site "Porto San Giorgio ITA"]
[Date "2011.08.24"]
[Round "5"]
[White "Lapenna, Michelangelo"]
[Black "Spano' Cuomo, Gaetano"]
[Result "1-0"]
[WhiteElo "1888"]
[BlackElo "1805"]
[PlyCount "77"]
[EventDate "2011.08.21"]

1. d4 c6 2. Nf3 d5 3. g3 Nf6 4. Bg2 Bf5 5. O-O Nbd7 6. Nbd2 e6 7. c3 Be7 8. Re1
h6 9. Nf1 g5 10. N3d2 Qc7 11. e4 dxe4 12. Nxe4 Nxe4 13. Bxe4 Bxe4 14. Rxe4
O-O-O 15. Qf3 Rh7 16. Re1 Rdh8 17. b4 h5 18. Rb1 g4 19. Qd3 h4 20. Bf4 Bd6 21.
Bxd6 Qxd6 22. b5 Nf8 23. Qe4 f5 24. Qe5 Qd7 25. c4 hxg3 26. fxg3 Qc7 27. d5
cxd5 28. cxd5 Qc5+ 29. Re3 Nd7 30. Rc1 Qxc1 31. Rc3+ Qxc3 32. Qxc3+ Kd8 33.
dxe6 Nf8 34. Qf6+ Ke8 35. Qxf5 Rg8 36. Qc5 b6 37. Qc6+ Ke7 38. Ne3 Rgh8 39.
Nd5+ 1-0

[Event "XXIII Festival A"]
[Site "Porto San Giorgio ITA"]
[Date "2011.08.24"]
[Round "5"]
[White "Madiai, Federico"]
[Black "Cantoro, Daniele"]
[Result "1/2-1/2"]
[WhiteElo "2195"]
[BlackElo "1999"]
[PlyCount "120"]
[EventDate "2011.08.21"]

1. d4 d5 2. Nf3 Nc6 3. g3 Bg4 4. Bg2 Bxf3 5. Bxf3 Nf6 6. Bg2 e5 7. dxe5 Nxe5 8.
O-O c6 9. b3 Bd6 10. Bb2 O-O 11. Nd2 Ng6 12. Nf3 Re8 13. e3 Ne4 14. Rc1 Be7 15.
c4 Bf6 16. Bd4 Bxd4 17. Qxd4 dxc4 18. Rxc4 Qxd4 19. Rxd4 Rad8 20. Rfd1 Rxd4 21.
Rxd4 Kf8 22. Kf1 Nf6 23. a4 Ne5 24. Ne1 Ke7 25. Ke2 a5 26. f4 Ned7 27. b4 axb4
28. Rxb4 Nc5 29. Nd3 Nfd7 30. Bh3 Nxd3 31. Kxd3 Nc5+ 32. Kd4 Kd6 33. Bf5 g6 34.
Bc2 f5 35. h3 Re7 36. g4 Ne4 37. Rb1 c5+ 38. Kd3 fxg4 39. hxg4 Nf2+ 40. Ke2
Nxg4 41. e4 Rf7 42. Kf3 Ne5+ 43. Kg3 Nc6 44. Bb3 Re7 45. e5+ Kc7 46. Kg4 h6 47.
Bd5 Nb4 48. Be4 g5 49. Rh1 gxf4 50. Kxf4 Nc6 51. Bxc6 Kxc6 52. Rxh6+ Kd5 53.
Rd6+ Kc4 54. e6 Kb4 55. Ke5 Kxa4 56. Rd7 Re8 57. Rxb7 c4 58. e7 c3 59. Kd6 c2
60. Rc7 Kb3 1/2-1/2

[Event "XXIII Festival A"]
[Site "Porto San Giorgio ITA"]
[Date "2011.08.24"]
[Round "5"]
[White "Mantovani, Enrico"]
[Black "Tribuiani, Renato"]
[Result "0-1"]
[WhiteElo "1758"]
[BlackElo "2029"]
[PlyCount "154"]
[EventDate "2011.08.21"]

1. b3 e5 2. Bb2 Nc6 3. e3 f5 4. Nf3 d6 5. Be2 Nf6 6. O-O Be7 7. d3 O-O 8. Nbd2
Qe8 9. a4 b6 10. Nc4 a5 11. Na3 Na7 12. c4 c5 13. Qc2 Qg6 14. Rad1 Bb7 15. d4
Bxf3 16. Bxf3 e4 17. Be2 Rad8 18. dxc5 dxc5 19. Be5 Ne8 20. Rxd8 Bxd8 21. Qd1
Nc7 22. Qd7 Qf7 23. Rd1 Ne6 24. Nb5 Qxd7 25. Rxd7 Nc8 26. f3 Bg5 27. f4 Bf6 28.
Bd6 Rd8 29. Rxd8+ Nxd8 30. Bc7 Nc6 31. g4 g6 32. gxf5 gxf5 33. Bh5 Kf8 34. Kg2
Ke7 35. Kg3 Nb4 36. Bb8 Nc2 37. Kf2 Bh4+ 38. Ke2 Nb4 39. Na7 Kd7 40. Nxc8 Kxc8
41. Be5 Nd3 42. Bg7 Kd7 43. Kd2 Ke7 44. Be2 Nb4 45. Be5 Na6 46. Bh5 Bf6 47.
Bxf6+ Kxf6 48. Be2 Kg6 49. h4 Nb8 50. Ke1 Nd7 51. Kf2 Nb8 52. Ke1 Nc6 53. Kd2
Kh6 54. Kc1 Ne7 55. Kd2 Ng6 56. h5 Ne7 57. Ke1 Ng8 58. Kf2 Nf6 59. Kg3 Ng8 60.
Kh4 Ne7 61. Bd1 Nc6 62. Kg3 Nb4 63. Kh4 Nd3 64. Kg3 Ne1 65. Be2 Nf3 66. Bxf3
exf3 67. Kxf3 Kxh5 68. e4 fxe4+ 69. Kxe4 Kg6 70. Ke5 Kf7 71. Kf5 h6 72. Kg4 Kf6
73. Kh5 Kf5 74. Kxh6 Kxf4 75. Kg7 Ke4 76. Kf6 Kd4 77. Ke6 Kc3 0-1

[Event "XXIII Festival A"]
[Site "Porto San Giorgio ITA"]
[Date "2011.08.24"]
[Round "5"]
[White "Marcugini, Stefano"]
[Black "Serafini, Gino"]
[Result "1-0"]
[WhiteElo "1824"]
[BlackElo "1865"]
[PlyCount "61"]
[EventDate "2011.08.21"]

1. e4 e6 2. d4 d5 3. exd5 exd5 4. Bd3 Bd6 5. h3 Ne7 6. Ne2 Bf5 7. O-O Bxd3 8.
Qxd3 Ng6 9. Nd2 O-O 10. c4 c6 11. cxd5 cxd5 12. Nf3 Nc6 13. Nc3 Nb4 14. Qd1 Bc7
15. Qb3 Bd6 16. a3 Nd3 17. Nxd5 Nxc1 18. Raxc1 b6 19. Rfe1 h6 20. Rc6 Rc8 21.
Qc2 Rxc6 22. Qxc6 Bb8 23. b4 Nh4 24. Ne7+ Kh8 25. Nxh4 Qxd4 26. Nf3 Qf4 27. Nd5
Qf5 28. Qc4 Rc8 29. Qe4 Qd7 30. Ne5 Kg8 31. Nxd7 1-0

[Event "XXIII Festival A"]
[Site "Porto San Giorgio ITA"]
[Date "2011.08.24"]
[Round "5"]
[White "Marinone, Lucio"]
[Black "Maltempi, Angelo"]
[Result "1-0"]
[WhiteElo "2002"]
[BlackElo "1847"]
[PlyCount "38"]
[EventDate "2011.08.21"]

1. d4 d6 2. c4 g6 3. Nc3 Bg7 4. e4 f5 5. f3 Nf6 6. Nce2 Nc6 7. d5 Ne5 8. Nd4
fxe4 9. fxe4 O-O 10. Be2 Nfg4 11. Ngf3 e6 12. O-O exd5 13. cxd5 Nxf3+ 14. gxf3
Nxh2 15. Rf2 Nxf3+ 16. Rxf3 Rxf3 17. Bxf3 Qh4 18. Be3 Qg3+ 19. Kh1 19... Qh3+ {
...} 1-0

[Event "XXIII Festival A"]
[Site "Porto San Giorgio ITA"]
[Date "2011.08.24"]
[Round "5"]
[White "Martorelli, Angelo"]
[Black "Di Mantino, Mauro"]
[Result "0-1"]
[WhiteElo "1812"]
[BlackElo "1954"]
[PlyCount "52"]
[EventDate "2011.08.21"]

1. d3 d5 2. Nf3 Nc6 3. g3 e5 4. Bg2 f5 5. e4 dxe4 6. dxe4 Qxd1+ 7. Kxd1 fxe4 8.
Ng5 Bg4+ 9. Kd2 O-O-O+ 10. Kc3 h6 11. Nxe4 Bb4+ 12. Kb3 Be6+ 13. c4 b5 14. Nbd2
Nge7 15. a3 bxc4+ 16. Nxc4 Bc5 17. Be3 Bxe3 18. fxe3 Na5+ 19. Kb4 Nxc4 20. Nc3
Nxe3 21. Be4 Rd4+ 22. Ka5 Nc4+ 23. Ka6 Kb8 24. Rhd1 c6 25. Bxc6 Nxc6 26. Nb5
Bc8# 0-1

[Event "XXIII Festival A"]
[Site "Porto San Giorgio ITA"]
[Date "2011.08.24"]
[Round "5"]
[White "Mazzarella, Antonio"]
[Black "Giampieri, Stefano"]
[Result "0-1"]
[WhiteElo "2028"]
[BlackElo "1847"]
[PlyCount "68"]
[EventDate "2011.08.21"]

1. d4 d5 2. Nf3 Nf6 3. e3 c6 4. Nbd2 e6 5. Bd3 Nbd7 6. O-O Bd6 7. e4 dxe4 8.
Nxe4 Nxe4 9. Bxe4 Nf6 10. Bd3 Qc7 11. h3 h6 12. Qe2 O-O 13. b3 b6 14. Ne5 c5
15. Ng4 Nxg4 16. Qxg4 f5 17. Qg6 Rf6 18. Qe8+ Kh7 19. Bb2 Bb7 20. Qh5 Rg6 21.
Qxg6+ Kxg6 22. Rae1 Re8 23. c4 cxd4 24. Bxd4 Bc5 25. Bxc5 Qxc5 26. Re2 e5 27.
Rfe1 e4 28. Kf1 Qd6 29. Re3 Qh2 30. Rg3+ Kf7 31. Bc2 f4 32. Rg4 g5 33. f3 e3
34. Bf5 Bxf3 0-1

[Event "XXIII Festival A"]
[Site "Porto San Giorgio ITA"]
[Date "2011.08.24"]
[Round "5"]
[White "Miandro, Steven"]
[Black "Barberi, Alessandro"]
[Result "1/2-1/2"]
[WhiteElo "1834"]
[BlackElo "2062"]
[PlyCount "83"]
[EventDate "2011.08.21"]

1. d4 g6 2. c4 Bg7 3. Nc3 d6 4. e4 e5 5. Nf3 Nc6 6. Bg5 f6 7. Be3 Nh6 8. h3 Nf7
9. c5 exd4 10. Nxd4 Nxd4 11. Bxd4 Be6 12. Be2 O-O 13. O-O Re8 14. Qc2 c6 15.
cxd6 Qxd6 16. Rad1 Qc7 17. Nb5 Qb8 18. Nc3 f5 19. Bxg7 Kxg7 20. exf5 Bxf5 21.
Bd3 Bxd3 22. Rxd3 Re7 23. Rfd1 Qf4 24. Rd4 Qc7 25. Na4 Rae8 26. Qd2 Qe5 27. Qc3
h6 28. Rd7 Qxc3 29. Nxc3 Ne5 30. Rxe7+ Rxe7 31. b3 Rd7 32. Rxd7+ Nxd7 33. Kf1
Kf6 34. Ke2 Ke5 35. Ke3 g5 36. g3 Nf6 37. f4+ gxf4+ 38. gxf4+ Kf5 39. Kf3 Nd5
40. Nxd5 cxd5 41. Ke3 h5 42. a3 1/2-1/2

[Event "XXIII Festival A"]
[Site "Porto San Giorgio ITA"]
[Date "2011.08.24"]
[Round "5"]
[White "Mircoli, Filippo"]
[Black "Bondielli, Giorgio"]
[Result "1/2-1/2"]
[WhiteElo "1759"]
[BlackElo "1885"]
[PlyCount "23"]
[EventDate "2011.08.21"]

1. e4 e5 2. Nf3 Nf6 3. Nc3 Bb4 4. Nxe5 O-O 5. d3 d6 6. a3 Bxc3+ 7. bxc3 dxe5 8.
d4 Nbd7 9. f4 exf4 10. Bxf4 Nxe4 11. Qd3 Ndf6 12. Be2 1/2-1/2

[Event "XXIII Festival A"]
[Site "Porto San Giorgio ITA"]
[Date "2011.08.24"]
[Round "5"]
[White "Mogranzini, Roberto"]
[Black "Bentivegna, Francesco"]
[Result "1-0"]
[WhiteElo "2433"]
[BlackElo "2330"]
[PlyCount "31"]
[EventDate "2011.08.21"]

1. c4 b6 2. Nc3 Bb7 3. e4 e6 4. Nge2 Nf6 5. d3 c5 6. g3 d5 7. exd5 exd5 8. Bg2
Qd7 9. Nf4 dxc4 10. Bxb7 Qxb7 11. O-O cxd3 12. Re1+ Be7 13. Nfd5 Nxd5 14. Qf3
Kf8 15. Nxd5 Bd6 16. Re8+ 1-0

[Event "XXIII Festival A"]
[Site "Porto San Giorgio ITA"]
[Date "2011.08.24"]
[Round "5"]
[White "Morello, Guido"]
[Black "Trent, Alan M."]
[Result "1-0"]
[WhiteElo "1942"]
[BlackElo "1800"]
[PlyCount "61"]
[EventDate "2011.08.21"]

1. e4 g6 2. d4 c6 3. Nc3 d5 4. e5 Be6 5. Nce2 Na6 6. Nf4 Nc7 7. Bd3 Rc8 8. c3
Bg7 9. Nxe6 Nxe6 10. f4 f5 11. g4 fxg4 12. Qxg4 Qd7 13. f5 Nf8 14. e6 Qc7 15.
Bf4 Qb6 16. Qg2 Nf6 17. fxg6 h5 18. Qe2 c5 19. dxc5 Qxe6 20. Be5 Rxc5 21. Nf3
N8d7 22. O-O O-O 23. Rae1 Nxe5 24. Nxe5 Rc7 25. Bf5 Qb6+ 26. Kh1 e6 27. Nd7
Rxd7 28. Bxe6+ Rdf7 29. Bxf7+ Rxf7 30. gxf7+ Kxf7 31. Qe8# 1-0

[Event "XXIII Festival A"]
[Site "Porto San Giorgio ITA"]
[Date "2011.08.24"]
[Round "5"]
[White "Moroni, Luca jr"]
[Black "Certic, Branimir"]
[Result "0-1"]
[WhiteElo "1964"]
[BlackElo "2402"]
[PlyCount "52"]
[EventDate "2011.08.21"]

1. e4 d6 2. d4 g6 3. Nc3 Bg7 4. f4 a6 5. Nf3 b5 6. Bd3 Nd7 7. e5 e6 8. O-O Bb7
9. Ne4 Nb6 10. b3 Qd7 11. Ba3 f5 12. Nf2 Nh6 13. Qd2 Nf7 14. Nh3 O-O 15. Rfe1
Rfd8 16. Rad1 a5 17. Bb2 b4 18. Re2 Bd5 19. Qe1 Rdb8 20. c4 bxc3 21. Qxc3 a4
22. Ree1 Rb7 23. Bc4 axb3 24. axb3 Bxc4 25. bxc4 Na4 26. Qa3 Rxb2 0-1

[Event "XXIII Festival A"]
[Site "Porto San Giorgio ITA"]
[Date "2011.08.24"]
[Round "5"]
[White "Movileanu, Daniela"]
[Black "White, Kevin D."]
[Result "1-0"]
[WhiteElo "1931"]
[BlackElo "2104"]
[PlyCount "43"]
[EventDate "2011.08.21"]

1. e4 Nf6 2. e5 Nd5 3. d4 d6 4. Bc4 Nb6 5. Bb3 dxe5 6. Qh5 e6 7. dxe5 Nc6 8. c3
Be7 9. Qe2 O-O 10. Nf3 Na5 11. Bc2 c5 12. O-O Bd7 13. Qe4 g6 14. Bh6 Re8 15.
Nbd2 f5 16. exf6 Bxf6 17. Ne5 Qe7 18. Ndf3 Bc6 19. Nxc6 Nxc6 20. Rfe1 Rad8 21.
Bb3 Na5 22. Rad1 1-0

[Event "XXIII Festival A"]
[Site "Porto San Giorgio ITA"]
[Date "2011.08.24"]
[Round "5"]
[White "Ottaviani, Gianluca"]
[Black "Boscolo, Marco"]
[Result "1/2-1/2"]
[WhiteElo "1949"]
[BlackElo "2166"]
[PlyCount "88"]
[EventDate "2011.08.21"]

1. e4 e6 2. d4 d5 3. Nd2 Nf6 4. e5 Nfd7 5. Bd3 c5 6. c3 Nc6 7. Ne2 cxd4 8. cxd4
f6 9. exf6 Nxf6 10. O-O Bd6 11. Nf3 Qc7 12. Bg5 O-O 13. Rc1 Nh5 14. Bh4 g6 15.
Bg3 Nxg3 16. hxg3 Qg7 17. Bb1 Bd7 18. Qd3 Rf6 19. Qe3 Rf7 20. Ng5 Re7 21. f4
Bc7 22. Nf3 Bb6 23. Ne5 Be8 24. Rcd1 Nxe5 25. fxe5 Bb5 26. Bd3 Bxd3 27. Rxd3
Rf8 28. Rc1 Ree8 29. g4 Qe7 30. Qh6 Qg7 31. Qe3 Bd8 32. Rdc3 h6 33. Qd3 Qf7 34.
Qg3 Bb6 35. Rf3 Qg7 36. Rcf1 Rxf3 37. Rxf3 Rf8 38. Rxf8+ Qxf8 39. a3 Qe7 40.
Qf4 Kg7 41. g3 Bd8 42. Kg2 Qc7 43. Qc1 Qd7 44. Nf4 Bb6 1/2-1/2

[Event "XXIII Festival A"]
[Site "Porto San Giorgio ITA"]
[Date "2011.08.24"]
[Round "5"]
[White "Paduano, Gennaro"]
[Black "Maksimovic, Miodrag"]
[Result "0-1"]
[WhiteElo "1859"]
[BlackElo "2068"]
[PlyCount "102"]
[EventDate "2011.08.21"]

1. e4 e6 2. d4 d5 3. e5 c5 4. Nf3 Nc6 5. Bd3 cxd4 6. O-O Bd7 7. a3 f6 8. Bf4
fxe5 9. Nxe5 Nf6 10. Re1 Bc5 11. Nd2 O-O 12. Qe2 Re8 13. Nf1 Bd6 14. Ng3 Qc7
15. Nh5 Nxe5 16. Bxe5 Bxe5 17. Qxe5 Qxe5 18. Rxe5 Nxh5 19. Rxh5 g6 20. Re5 Rac8
21. h4 Kg7 22. h5 a5 23. g3 Rg8 24. Kg2 Kf6 25. Rae1 a4 26. f4 Rg7 27. hxg6
hxg6 28. Rh1 Rcg8 29. Rh6 Ke7 30. Rg5 Be8 31. Kf3 Bf7 32. Bb5 Ra8 33. Bd3 Kf6
34. Rh2 Rgg8 35. Rh6 Rh8 36. Rxh8 Rxh8 37. Kg2 Rc8 38. Re5 Rc6 39. Re1 Rb6 40.
Rb1 g5 41. b4 Bg6 42. b5 e5 43. fxe5+ Kxe5 44. Rb4 Be4+ 45. Kg1 Rf6 46. Bxe4
dxe4 47. Rxa4 e3 48. Rb4 Rf2 49. a4 Rxc2 50. a5 d3 51. a6 d2 0-1

[Event "XXIII Festival A"]
[Site "Porto San Giorgio ITA"]
[Date "2011.08.24"]
[Round "5"]
[White "Panada, Valter"]
[Black "Rago, Riccardo"]
[Result "0-1"]
[WhiteElo "1902"]
[BlackElo "2065"]
[PlyCount "28"]
[EventDate "2011.08.21"]

1. e4 c5 2. Nf3 Nc6 3. d4 cxd4 4. Nxd4 Nf6 5. Nc3 d6 6. Be3 e5 7. Nb3 Be6 8. f3
d5 9. exd5 Nxd5 10. Nxd5 Bxd5 11. Be2 Be7 12. O-O O-O 13. c4 Be6 14. Nc5 Qb6
0-1

[Event "XXIII Festival A"]
[Site "Porto San Giorgio ITA"]
[Date "2011.08.24"]
[Round "5"]
[White "Papa, Angelo"]
[Black "Splendiani, Francesco"]
[Result "1/2-1/2"]
[WhiteElo "1848"]
[BlackElo "2000"]
[PlyCount "23"]
[EventDate "2011.08.21"]

1. d4 Nf6 2. c4 c5 3. d5 b5 4. cxb5 a6 5. b6 Qxb6 6. Nc3 g6 7. e4 d6 8. Nf3
Nbd7 9. b3 Bg7 10. Be2 O-O 11. O-O a5 12. a4 1/2-1/2

[Event "XXIII Festival A"]
[Site "Porto San Giorgio ITA"]
[Date "2011.08.24"]
[Round "5"]
[White "Pascucci, Marco"]
[Black "Cocuzzi, Edoardo"]
[Result "1-0"]
[WhiteElo "2091"]
[BlackElo "1926"]
[PlyCount "61"]
[EventDate "2011.08.21"]

1. Nf3 f5 2. g3 g6 3. Bg2 Bg7 4. d4 Nf6 5. O-O O-O 6. c3 d6 7. Qb3+ e6 8. Ng5
d5 9. c4 c6 10. Nc3 h6 11. Nf3 Nbd7 12. Bf4 Nb6 13. c5 Nbd7 14. Bd6 Rf7 15. Ne5
Nxe5 16. dxe5 Nd7 17. f4 Qa5 18. Qa4 Qxa4 19. Nxa4 Bf8 20. b4 b6 21. Rac1 Ba6
22. Bxf8 Kxf8 23. cxb6 axb6 24. Rxc6 Bb5 25. Rxe6 Rxa4 26. Rxg6 Re7 27. Bxd5
Rg7 28. Rxh6 Rxb4 29. Rc1 Ba6 30. Rcc6 Bb7 31. Rh8+ 1-0